| 000 | 00499nam a2200169Ia 4500 | ||
|---|---|---|---|
| 005 | 20250508160010.0 | ||
| 008 | 008 250505s9999 xx 000 0 eng d | ||
| 037 | _aBooks to be hide in OPAC | ||
| 040 |
_aFEDL _beng _cFEDL |
||
| 041 |
_aeng _2eng |
||
| 084 |
_a379.5479, BOM/O _qFEDL |
||
| 245 | 0 | _aSupplement to the report on public instruction in the Bombay province 1939-40 | |
| 260 | _c1941 | ||
| 300 | _a259p. | ||
| 942 |
_cHB _h379.5479, BOM/O |
||
| 999 |
_c1360851 _d1360851 |
||